La formación de Inglaterra
שמור ב:
| פורמט: | ספר |
|---|---|
| שפה: | ספרדית |
| יצא לאור: |
Madrid
Alianza
1982
|
| סדרה: | Historia Universal Asimov
|
| נושאים: | |
| תגים: |
הוספת תג
אין תגיות, היה/י הראשונ/ה לתייג את הרשומה!
|
MARC
| LEADER | 00000nam a2200000 a 4500 | ||
|---|---|---|---|
| 001 | UCO0388 | ||
| 003 | CL-VaPUC | ||
| 008 | 000420e19820000SP |||||||||||||||||spa|d | ||
| 082 | 0 | 4 | |a 942 |b ASI |2 21 |
| 245 | 1 | 3 | |a La formación de Inglaterra |
| 300 | |a 270 p | ||
| 942 | |c BK | ||
| 945 | |d 20000420 00:00:00 |a rherrera | ||
| 260 | |a Madrid |b Alianza |c 1982 | ||
| 600 | 0 | 7 | |a GUILLERMO I |2 CL-VaPUC |9 441628 |
| 600 | 0 | 7 | |a ENRIQUE I |2 CL-VaPUC |9 441629 |
| 650 | 0 | |a Historia de Inglaterra |9 376029 | |
| 650 | 7 | |a ORIGENES |2 CL-VaPUC |9 367418 | |
| 650 | 0 | |a Vikingos |9 338002 | |
| 650 | 7 | |a SAJONES |2 CL-VaPUC |9 441630 | |
| 650 | 7 | |a NORMANDOS |2 CL-VaPUC |9 441578 | |
| 650 | 0 | |a Guerra civil |9 320243 | |
| 651 | 0 | |a Inglaterra |9 255158 | |
| 583 | |a last modification |c 20000420 00:00:00 |k Rodrigo Vera | ||
| 490 | 0 | |a Historia Universal Asimov | |
| 999 | |c 287099 |d 287097 | ||
| 952 | |0 0 |1 0 |4 0 |6 942_000000000000000_ASI_1982 |7 0 |8 A |9 333516 |a BIBHIS |b BIBHIS |d 2019-11-20 |i 1265571 |o 942 ASI 1982 |p 1265571 |r 2025-01-20 |w 2019-11-20 |y BK |k HIS | ||